Fast decreasing and orthogonal polynomials

Elmentve itt :
Bibliográfiai részletek
Szerző: Totik Vilmos
Dokumentumtípus: Könyv része
Megjelent: American Mathematical Society Providence 2012
Sorozat:Recent advances in orthogonal polynomials, special functions, and their applications: 11th International Symposium. Madrid, Spanyolország, 2011.08.29-2011.09.02.
doi:10.1090/conm/578/11471

mtmt:2168231
Online Access:http://publicatio.bibl.u-szeged.hu/3241
LEADER 00803naa a2200193 i 4500
001 publ3241
005 20240112213618.0
008 130725s2012 hu o 0|| zxx d
020 |a 978-0-8218-6896-6 
024 7 |a 10.1090/conm/578/11471  |2 doi 
024 7 |a 2168231  |2 mtmt 
040 |a SZTE Publicatio Repozitórium  |b hun 
041 |a zxx 
100 1 |a Totik Vilmos 
245 1 0 |a Fast decreasing and orthogonal polynomials  |h [elektronikus dokumentum] /  |c  Totik Vilmos 
260 |a American Mathematical Society  |b Providence  |c 2012 
300 |a 241-254 
490 0 |a Recent advances in orthogonal polynomials, special functions, and their applications: 11th International Symposium. Madrid, Spanyolország, 2011.08.29-2011.09.02. 
856 4 0 |u http://publicatio.bibl.u-szeged.hu/3241/1/TotikMadrid.pdf  |z Dokumentum-elérés